Technológie objemového tvárnenia za studena

Gespeichert in:
Bibliographische Detailangaben
1. Verfasser: Žák, Tomáš (Verfasst von)
Weitere Verfasser: Schrek, Alexander (Betreuung Doktorarbeit)
Format: Manuskript Buch
Sprache:Slowakisch
Veröffentlicht: 2022
Schlagworte:
Online-Zugang:http://is.stuba.sk/zp/portal_zp.pl?podrobnosti=171734
Tags: Tag hinzufügen
Keine Tags, Fügen Sie das erste Tag hinzu!

MARC

LEADER 00000ntm a22000003a 4500
001 stuzp90895
003 SK-STU
005 20220611214046.1
007 ta
008 150427s2015----xo-----f-mn---000-0-slo-d
040 |a STU  |b slo 
041 0 |a slo 
100 1 |a Žák, Tomáš  |u 020050  |4 aut  |U SjF Strojnícka fakulta  |T SjF Ústav technológií a materiálov  |X 98634  |U J0050  |Y 803  |7 98634 
242 0 1 |a Cold extrusion technologies  |y eng 
245 1 0 |a Technológie objemového tvárnenia za studena 
260 |c 2022 
650 4 |a zliatiny  |2 slo 
650 4 |a pretvárny odpor  |2 slo 
650 4 |a prietlačok  |2 slo 
650 4 |a pretlačovanie  |2 slo 
650 4 |a extrusion  |2 eng 
650 4 |a steel  |2 eng 
650 4 |a alloys  |2 eng 
650 4 |a deformation resistance  |2 eng 
700 1 |a Schrek, Alexander  |u 020050  |k Z1  |4 ths  |U SjF Strojnícka fakulta  |T SjF Ústav technológií a materiálov  |X 2319  |U J0050  |Y 803  |7 A000002319 
856 4 |u http://is.stuba.sk/zp/portal_zp.pl?podrobnosti=171734 
996 |b 284J046903  |c J* 3403/DBP  |l JJSK  |s A  |a 24  |w stuzp90895_0001